Verejná minimálna sieť poskytovateľov zdravotnej starostlivosti

Legislatíva, zákony, nariadenia vlády SR. Verejná minimálna sieť poskytovateľov zdravotnej starostlivosti na území Slovenskej republiky, charakteristika. Pevná sieť poskytovateľov. Ambulantná zdravotná starostlivosť. Ústavná zdravotná starostlivosť. Hospic a mobilný hospic. Lekárska služba prvej pom...

ver descrição completa

Na minha lista:
Detalhes bibliográficos
Autor principal: Cingelová, Zuzana
Formato: Capítulo de Livro
Idioma:eslovaco
Assuntos:
Tags: Adicionar Tag
Sem tags, seja o primeiro a adicionar uma tag!

MARC

LEADER 00000naa a2200000 4500
001 0143811
005 20231120121701.6
041 0 |a slo 
044 |a SK 
245 1 0 |a Verejná minimálna sieť poskytovateľov zdravotnej starostlivosti  |c Zuzana Cingelová 
520 |a Legislatíva, zákony, nariadenia vlády SR. Verejná minimálna sieť poskytovateľov zdravotnej starostlivosti na území Slovenskej republiky, charakteristika. Pevná sieť poskytovateľov. Ambulantná zdravotná starostlivosť. Ústavná zdravotná starostlivosť. Hospic a mobilný hospic. Lekárska služba prvej pomoci. 
610 2 0 |a starostlivosť zdravotná 
610 2 0 |a služby verejné 
610 2 0 |a nemocnice 
610 2 0 |a strediská zdravotnícke 
610 2 0 |a Slovensko 
100 1 |a Cingelová, Zuzana